Friday Night Dinner quote quiz - Statistics

General Stats
  • This quiz has been taken 137 times
  • The average score is 10 of 21
Answer Stats
Hint Answer % Correct
“Oh be spacielly aware” Martin
99%
“And that’s actual logic is it” Adam
95%
“I’m getting married in the morning” Jackie
93%
He probably had a winkie” Jim
88%
“Ah yes my news” Johnny
79%
“About the Euro” Val
78%
“Why would an ovary have an ear” Nelly
59%
“My Mercedes” Sheila Bloom
51%
“Can I be your girlfriend” Katie
46%
“What else could i do” Mr. Morris
45%
“They make me heave” Lisa
44%
“This is what they call an agitated state” Spencer
38%
“Are you on the toilet” Tanya
32%
“Obviously when I say I’m alright I’m awful” Ben
29%
“No I’ve strong I’ve gotta be here for you” Tony Michaels
29%
“So I had to take a short cut through a pond” Mr. Greencock
27%
“I’m a woman” Liz
24%
“You’ve put salt in my tea” Chris
23%
“they were Jews” Other jackie
13%
“Mr Goodman can you open up please” Police officer
13%
“And she had an ulserated colon” Horrible Grandmar
0%
No matching quizzes found
Score Distribution
Percent of People with Each Score
Percentile by Number Answered
Your Score History
You have not taken this quiz